• 首页
  • 本馆介绍
  • 公告通知
  • 最新文献
  • 馆藏检索
  • 电子资源
  • 读者导购
  • 参考咨询
  • 我的图书馆
  • 登录
  • 详细信息显示
  • 放入我的书架
  • 预约/预借图书
  • 作者相关作品
  • 分类相关作品
  • 丛书相关作品
  • 出版社相关作品

书目信息

  • 表格格式
  • 工作单格式
  • 卡片格式
题名:
钢铁废渣再生利用技术
    
 
作者: 张殿印 , 梁文艳 , 李惊涛 主编
分册:  
出版信息: 北京   化学工业出版社  2014.04
页数: 269页
开本: 26cm
丛书名: 再生资源科学与工程技术丛书
单 册:
中图分类: X757
科图分类:
主题词: 钢铁工业--废渣--废物综合利用 , 钢铁工业 , 废渣 , 废物综合利用
电子资源:
ISBN: 978-7-122-18742-0
000 01308oam2 2200337 450
001 0120141252989
005 20140611150936.26
010    @a978-7-122-18742-0@dCNY68.00
100    @a20140326d2014 em y0chiy0110 ea
101 0  @achi
102    @aCN@b110000
105    @aak z 000yy
106    @ar
200 1  @a钢铁废渣再生利用技术@9gang tie fei zha zai sheng li yong ji shu@f张殿印,梁文艳,李惊涛主编
210    @a北京@c化学工业出版社@d2014.04
215    @a269页@c图@d26cm
225 2  @a再生资源科学与工程技术丛书
308    @a丛书第一批
330    @a本书共分九章,分别介绍钢铁废渣的来源、分类、危害,废渣再生利用原理,铁矿采选废物再生利用技术,焦化渣、高炉渣、钢渣的再生利用技术,氧化铁皮再生利用技术,铁合金渣再生利用技术,钢铁工业尘泥再生利用技术和废耐火材料再生利用技术。
333    @a本书可供环境污染治理和资源综合利用领域的科研人员、工程技术人员和企业管理人员阅读使用,也可供高等学校相关专业师生参考
461  0 @12001 @a再生资源科学与工程技术丛书
606 0  @a钢铁工业@x废渣@x废物综合利用
606 0  @a钢铁工业
606 0  @a废渣
606 0  @a废物综合利用
690    @aX757@v5
701  0 @a张殿印@9zhang dian yin@4主编
701  0 @a梁文艳@9liang wen yan@4主编
701  0 @a李惊涛@9li jing tao@4主编
801  0 @aCN@b人天书店@c20140326
905    @b549682-84@dX757@e185@f3
    
    钢铁废渣再生利用技术/张殿印,梁文艳,李惊涛主编.-北京:化学工业出版社,2014.04
    269页:图;26cm.-(再生资源科学与工程技术丛书)
    使用对象:本书可供环境污染治理和资源综合利用领域的科研人员、工程技术人员和企业管理人员阅读使用,也可供高等学校相关专业师生参考
    
    ISBN 978-7-122-18742-0:CNY68.00
    本书共分九章,分别介绍钢铁废渣的来源、分类、危害,废渣再生利用原理,铁矿采选废物再生利用技术,焦化渣、高炉渣、钢渣的再生利用技术,氧化铁皮再生利用技术,铁合金渣再生利用技术,钢铁工业尘泥再生利用技术和废耐火材料再生利用技术。
●
相关链接 在E读中查询图书 在五车中查询图书 在当当中查询图书 在豆瓣中查询图书


正题名:钢铁废渣再生利用技术     索取号:X757/185         预约/预借

序号 登录号 条形码 馆藏地/架位号 状态 备注
1 549682   205496827   第二样本阅览室/ [索取号:X757/185] 在馆    
2 549683   205496836   第三借阅区/ [索取号:X757/185] 在馆    
3 549684   205496845   第三借阅区/ [索取号:X757/185] 在馆    
唐山师范学院图书馆 欢迎您!
大连网信软件有限公司© 版权所有